| 000 -LEADER | |
|---|---|
| fixed length control field | 00298nam a22001097a 4500 |
| 050 ## - LIBRARY OF CONGRESS CALL NUMBER | |
| Classification number | TL 152 min |
| 245 ## - TITLE STATEMENT | |
| Title | GHANA MINISTRY OF ROADS AND TRANSPORT, Ghana Highway: right hand traffic |
| 260 ## - PUBLICATION, DISTRIBUTION, ETC. (IMPRINT) | |
| Place of publication | Accra, Ghana |
| Name of publisher | Ministry of Roads and Transport |
| Year of publication | 1974 |
| 300 ## - PHYSICAL DESCRIPTION | |
| Number of Pages | 47p. |
| 942 ## - ADDED ENTRY ELEMENTS (KOHA) | |
| Koha item type | Books |
| 988 ## - PAGINATION/EXTENT | |
| PAGINATION/EXTENT | 47p. |
| Koha item type | Collection code | Shelving location | Accession Number | Permanent Location | Current Location | Date acquired | Full call number |
|---|---|---|---|---|---|---|---|
| Books | Lending | Lending | 0236 c1 | Chapman Library | Chapman Library | 2017-02-16 | TL 152 min |
| Books | Lending | Lending | 0237 c2 | Chapman Library | Chapman Library | 2017-02-16 | TL 152 min |
| Books | Lending | Lending | 2737 c3 | Chapman Library | Chapman Library | 2017-02-16 | TL 152 min |
| Books | Reference | Reference | 3829 c4 | Chapman Library | Chapman Library | 2017-02-16 | TL 152 min |
| Books | Reference | Reference | 2738 c 5 | Chapman Library | Chapman Library | 2017-02-16 | TL 152 min |
| Books | Reference | Reference | 2739 c6 | Chapman Library | Chapman Library | 2017-02-16 | TL 152 min |

